[Event "ICS rated blitz match"]
[Site "204.178.125.65"]
[Date "2001.01.07"]
[Round "?"]
[White "PostModernist"]
[Black "Hossa"]
[Result "1/2-1/2"]
[WhiteElo "2588"]
[BlackElo "2566"]
[PlyCount "257"]
[EventDate "2001.??.??"]

1. d4 Nf6 2. c4 e6 3. Nf3 b6 4. g3 Bb7 5. Bg2 c5 6. O-O cxd4 7. Nxd4 Bxg2 8.
Kxg2 Bc5 9. Nc3 Nc6 10. Nxc6 dxc6 11. Bg5 Bd4 12. Qd3 h6 13. Rfd1 hxg5 14. Qxd4
Qxd4 15. Rxd4 Ke7 16. h3 e5 17. Rd2 Rh7 18. Rh1 Rah8 19. Rdd1 a6 20. f3 b5 21.
cxb5 axb5 22. b4 Ke6 23. Rc1 Ra8 24. Rc2 Rd8 25. a4 Rd4 26. axb5 Rxb4 27. bxc6
Rc4 28. Rd1 Rxc6 29. Rd8 e4 30. fxe4 Ke5 31. Rd3 Nxe4 32. Re3 f5 33. Nxe4 Rxc2
34. Nxg5+ Kd4 35. Kf3 Rh8 36. Ne6+ Kd5 37. Nxg7 Rf8 38. Ra3 Rf7 39. Ra5+ Rc5
40. Rxc5+ Kxc5 41. Ne6+ Kd5 42. Ng5 Rf6 43. Kf4 Rf8 44. h4 Rf6 45. e3 Rf8 46.
h5 Rh8 47. g4 fxg4 48. e4+ Kc6 49. Kxg4 Kd7 50. e5 Ke7 51. Kh4 Kd7 52. Nf3 Ke6
53. Kg5 Rg8+ 54. Kh6 Rg3 55. Nh4 Kxe5 56. Kh7 Kf6 57. h6 Re3 58. Ng6 Re4 59.
Nf8 Kf7 60. Nd7 Re7 61. Nb6 Kf6+ 62. Kg8 Re8+ 63. Kh7 Rd8 64. Nc4 Rd5 65. Kg8
Rd4 66. Ne5 Rd8+ 67. Kh7 Rd5 68. Ng4+ Kf7 69. Ne3 Re5 70. Nc4 Re6 71. Nd2 Kf6
72. Nf3 Re4 73. Nd2 Re7+ 74. Kg8 Kg6 75. Kf8 Rh7 76. Ne4 Rf7+ 77. Ke8 Rf4 78.
Nd6 Kh7 79. Nf7 Rh4 80. Kd7 Rh5 81. Ke6 Rb5 82. Nd6 Rb6 83. Ke5 Rb4 84. Nf5
Rb5+ 85. Kf6 Rc5 86. Kg5 Rc4 87. Kh5 Rc8 88. Kh4 Rg8 89. Kh5 Rg6 90. Kh4 Kh8
91. Kh5 Rb6 92. Kg5 Kh7 93. Kh5 Rf6 94. Kg5 Re6 95. Kh5 Re2 96. Kg5 Rd2 97. Ne3
Rd7 98. Ng4 Re7 99. Kh5 Rf7 100. Kg5 Rf3 101. Nf6+ Kh8 102. Kg6 Rf1 103. h7
Rg1+ 104. Kh6 Re1 105. Kg6 Re6 106. Kf7 Rd6 107. Kg6 Rd2 108. Nh5 Rd4 109. Nf6
Rf4 110. Kg5 Rf2 111. Kg6 Rh2 112. Nh5 Rg2+ 113. Kh6 Rg4 114. Nf6 Rg1 115. Nh5
Rd1 116. Kg6 Rh1 117. Nf6 Ra1 118. Kf7 Rb1 119. Kf8 Rb7 120. Ke8 Rc7 121. Kf8
Rg7 122. Ke8 Rb7 123. Kf8 Rc7 124. Ke8 Rg7 125. Kf8 Ra7 126. Ke8 Ra4 127. Kf7
Rb4 128. Kg6 Re4 129. Nxe4 {Hossa stalemated} 1/2-1/2

[Event "ICS rated blitz match"]
[Site "204.178.125.65"]
[Date "2001.01.07"]
[Round "?"]
[White "Hossa"]
[Black "PostModernist"]
[Result "1/2-1/2"]
[WhiteElo "2567"]
[BlackElo "2587"]
[PlyCount "106"]
[EventDate "2001.??.??"]

1. d4 d5 2. c4 c6 3. Nc3 e6 4. e4 Bb4 5. cxd5 exd5 6. exd5 Qxd5 7. a3 Bxc3+ 8.
bxc3 Ne7 9. Nf3 Bg4 10. Be2 O-O 11. O-O Re8 12. Re1 Nd7 13. h3 Bf5 14. c4 Qd6
15. Qb3 b6 16. Be3 Rad8 17. Ng5 h6 18. Nf3 Bg6 19. Qb2 Nf5 20. Bd2 Nf6 21. Bb4
Qf4 22. Rad1 Nh4 23. Ne5 c5 24. Nxg6 Nxg6 25. dxc5 Ne4 26. Bd3 Nxc5 27. Rxe8+
Rxe8 28. Bxc5 bxc5 29. Qb5 Qe5 30. Bxg6 fxg6 31. Rd5 Qe1+ 32. Kh2 Rf8 33. Qxc5
Qxf2 34. Qxf2 Rxf2 35. Kg3 Rc2 36. Ra5 Rc3+ 37. Kh2 Rxc4 38. Rxa7 g5 39. Ra8+
Kf7 40. a4 g4 41. a5 gxh3 42. Kxh3 h5 43. a6 Ra4 44. Kg3 h4+ 45. Kh3 g5 46.
Ra7+ Kg8 47. Kh2 Ra1 48. Ra8+ Kg7 49. Kh3 Ra2 50. Ra7+ Kg6 51. Ra8 Kg7 52. Ra7+
Kg6 53. Ra8 Kg7 {Game drawn by repetition} 1/2-1/2

[Event "ICS rated blitz match"]
[Site "204.178.125.65"]
[Date "2001.01.07"]
[Round "?"]
[White "wanky"]
[Black "Hossa"]
[Result "0-1"]
[WhiteElo "2719"]
[BlackElo "2568"]
[PlyCount "188"]
[EventDate "2001.??.??"]

1. e4 e6 2. d4 d5 3. Nc3 Bb4 4. Qd3 dxe4 5. Qxe4 Nf6 6. Qh4 O-O 7. Bd3 Nc6 8.
Nf3 Be7 9. a3 a6 10. O-O Qd7 11. Be3 Qd8 12. Ne5 Bd7 13. Ng4 g6 14. Nh6+ Kh8
15. Rab1 Nd5 16. Qh3 Nxe3 17. fxe3 f5 18. Ne2 Kg7 19. e4 Bg5 20. d5 exd5 21.
Nxf5+ Kh8 22. Nf4 Bxf4 23. Rxf4 dxe4 24. Rh4 Rf7 25. Bxe4 Bxf5 26. Bxf5 gxf5
27. b4 Qd2 28. c4 Re8 29. Rf1 Re3 30. g3 Rxa3 31. Qg2 Qxg2+ 32. Kxg2 Nxb4 33.
Rhf4 Nc2 34. Kf2 Ne3 35. Rb1 Rd7 36. Ke2 b6 37. Rb2 Rc3 38. Ra2 Nxc4 39. Rxf5
a5 40. Kf2 Kg7 41. Rf3 Rxf3+ 42. Kxf3 b5 43. h3 c5 44. Kf2 Kg6 45. Re2 Rf7+ 46.
Ke1 Rf5 47. Re6+ Kg5 48. Kd1 Rd5+ 49. Kc2 Rd2+ 50. Kc1 Rf2 51. Rc6 Rf1+ 52. Kc2
Rf5 53. g4 Rd5 54. Rc7 h6 55. Kc3 Nd6 56. Ra7 Ne4+ 57. Kb2 Rd2+ 58. Kc1 Ra2 59.
Re7 Ra4 60. Re5+ Kf6 61. Rh5 Kg6 62. Re5 Rc4+ 63. Kb1 Rd4 64. Re6+ Kg5 65. Re5+
Kf4 66. Re6 Rd1+ 67. Kc2 Rd6 68. Re7 Rd2+ 69. Kc1 Rh2 70. Rf7+ Ke3 71. Rh7 Rxh3
72. Re7 Rh2 73. Rd7 Nc3 74. Rd6 Ke4 75. Rb6 Ne2+ 76. Kd1 Kd3 77. Ke1 Nd4 78.
Ra6 Nf3+ 79. Kf1 Ke3 80. Re6+ Kf4 81. Re2 Rxe2 82. Kxe2 Kxg4 83. Kd3 c4+ 84.
Kc3 h5 85. Kc2 h4 86. Kc3 h3 87. Kb2 b4 88. Kb1 h2 89. Kb2 a4 90. Kc1 a3 91.
Kd1 b3 92. Ke2 h1=Q 93. Kf2 Qe1+ 94. Kg2 Qg1# {wanky checkmated} 0-1

[Event "ICS rated blitz match"]
[Site "204.178.125.65"]
[Date "2001.01.07"]
[Round "?"]
[White "Hossa"]
[Black "PostModernist"]
[Result "1-0"]
[WhiteElo "2591"]
[BlackElo "2587"]
[PlyCount "255"]
[EventDate "2001.??.??"]

1. e4 e5 2. Nf3 Nc6 3. Bb5 a6 4. Ba4 d6 5. O-O Nge7 6. c3 Bd7 7. d4 Ng6 8. Bg5
Be7 9. Bxe7 Qxe7 10. d5 Nd8 11. Nbd2 O-O 12. Bxd7 Qxd7 13. Ng5 Nf4 14. Nc4 f6
15. Nf3 Qg4 16. Ne3 Qg6 17. g3 Nf7 18. Kh1 Nh3 19. Nf5 Qg4 20. Nd2 Qxd1 21.
Raxd1 g6 22. Ne3 Rae8 23. Kg2 Nfg5 24. Rde1 f5 25. f4 Nxf4+ 26. gxf4 Nxe4 27.
Nxe4 fxe4 28. f5 Kg7 29. fxg6 Kxg6 30. Rxf8 Rxf8 31. Nc4 Rf4 32. Nd2 Kf5 33.
Nf1 Kf6 34. Ng3 Ke7 35. Nxe4 c6 36. dxc6 bxc6 37. Nd2 Rg4+ 38. Kf3 h5 39. Re4
Rg8 40. Ra4 Ra8 41. Ne4 Rf8+ 42. Ke3 Rf4 43. Rxa6 Rh4 44. Rxc6 Rh3+ 45. Kd2
Rxh2+ 46. Kc1 d5 47. Nc5 Rh1+ 48. Kc2 Kf7 49. Nd3 e4 50. Nf4 Rh2+ 51. Kb3 e3
52. Rc7+ Ke8 53. Nxd5 Kd8 54. Rg7 e2 55. Re7 h4 56. Re3 h3 57. Nf4 Rg2 58. Nxh3
Rg3 59. Rxe2 Rxh3 60. Kc2 Kc7 61. Rd2 Rh1 62. b3 Ra1 63. Kb2 Rf1 64. c4 Rf8 65.
b4 Rf4 66. a4 Kb7 67. Rc2 Rd4 68. Rc1 Rd2+ 69. Kc3 Rh2 70. Rd1 Rh3+ 71. Rd3 Rh1
72. Kb2 Rh2+ 73. Kb3 Rh1 74. Ka2 Rc1 75. Rd4 Re1 76. Kb2 Re2+ 77. Kc3 Ra2 78.
Rd5 Ra3+ 79. Kd4 Ra2 80. Ra5 Rd2+ 81. Ke4 Rc2 82. Kd5 Rd2+ 83. Ke5 Rh2 84. Rb5+
Kc6 85. Ke6 Rh6+ 86. Kf5 Rh5+ 87. Kf6 Rh6+ 88. Kg7 Rh4 89. Rc5+ Kb7 90. Kg6 Rf4
91. Kh5 Rf1 92. Kg4 Rf8 93. Rb5+ Kc8 94. Rf5 Rd8 95. Kf4 Rd4+ 96. Kg5 Kb7 97.
Rf7+ Ka6 98. Rc7 Kb6 99. Rc5 Rd1 100. Re5 Kb7 101. Kf5 Rd4 102. Re4 Rd1 103.
Re7+ Kc6 104. Re5 Ra1 105. a5 Kd7 106. Re3 Ra4 107. Rb3 Ra1 108. Ke5 Kc6 109.
Rf3 Ra4 110. Rf6+ Kc7 111. Rb6 Ra2 112. b5 Ra1 113. Kd5 Rg1 114. Rc6+ Kb8 115.
c5 Rg5+ 116. Kc4 Rg4+ 117. Kc3 Rg3+ 118. Kd4 Rg4+ 119. Ke5 Rg5+ 120. Kf6 Rg1
121. a6 Ra1 122. Kf7 Ka7 123. Rc7+ Kb8 124. b6 Rf1+ 125. Ke8 Ra1 126. Kd7 Rxa6
127. c6 Rxb6 128. Rc8+ {PostModernist resigns} 1-0

[Event "ICS rated blitz match"]
[Site "204.178.125.65"]
[Date "2001.01.07"]
[Round "?"]
[White "monsoon"]
[Black "Hossa"]
[Result "0-1"]
[WhiteElo "2271"]
[BlackElo "2607"]
[PlyCount "142"]
[EventDate "2001.??.??"]

1. e4 e6 2. d4 d5 3. Nc3 Bb4 4. e5 c5 5. a3 Bxc3+ 6. bxc3 Ne7 7. Nf3 Qc7 8. h4
cxd4 9. cxd4 b6 10. Bg5 h6 11. Bb5+ Bd7 12. Bxd7+ Nxd7 13. Bxe7 Kxe7 14. O-O
Rac8 15. Rc1 Qc3 16. Qd3 Qxd3 17. cxd3 Nb8 18. Kh1 Nc6 19. Rc3 g5 20. Rfc1 Kd7
21. h5 b5 22. R3c2 b4 23. axb4 a6 24. Kg1 Rhf8 25. Rb1 Rb8 26. Rcb2 Rb5 27. Nh2
Nxd4 28. Ra2 Rb6 29. Ng4 Nc6 30. Rc1 Nxb4 31. Ra3 Nc6 32. Rac3 a5 33. Nf6+ Kc7
34. f3 a4 35. Ng4 Rh8 36. Ra3 Ra6 37. Rca1 Rha8 38. Re1 Nd4 39. Nxh6 Kd8 40.
Nxf7+ Ke7 41. Nxg5 Nc2 42. Rea1 Nxa1 43. Rxa1 a3 44. h6 a2 45. h7 Ra3 46. d4
R3a4 47. f4 Ra3 48. Kh2 Rb8 49. f5 exf5 50. Rc1 Re8 51. Ra1 f4 52. Kg1 Rb8 53.
Kh2 Raa8 54. Nh3 f3 55. Nf4 Kf7 56. Kg3 fxg2 57. Kxg2 Kg7 58. Nxd5 Rb1 59. Rxa2
Rxa2+ 60. Kf3 Kxh7 61. Ke4 Re1+ 62. Kd3 Ra3+ 63. Kd2 Rh1 64. Nf6+ Kg6 65. Ng4
Rhh3 66. Kc1 Ra1+ 67. Kb2 Rg1 68. Ne3 Rxe3 69. Kc2 Rg2+ 70. Kd1 Rh3 71. d5 Rh1#
{monsoon checkmated} 0-1

[Event "ICS rated blitz match"]
[Site "204.178.125.65"]
[Date "2001.01.07"]
[Round "?"]
[White "Hossa"]
[Black "monsoon"]
[Result "1/2-1/2"]
[WhiteElo "2611"]
[BlackElo "2267"]
[PlyCount "242"]
[EventDate "2001.??.??"]

1. e4 e6 2. d4 d5 3. Nc3 Nf6 4. Bd3 c5 5. exd5 Nxd5 6. Nge2 cxd4 7. Nxd4 Nxc3
8. bxc3 Bc5 9. O-O Qh4 10. Be3 Nd7 11. Bb5 Bb6 12. Nf3 Qh5 13. Rb1 Bxe3 14.
fxe3 Qc5 15. Qd3 a6 16. Bxd7+ Bxd7 17. Rxb7 Bb5 18. c4 Qxc4 19. Ne5 Qxd3 20.
Nxd3 O-O 21. Rf4 Rac8 22. a4 Bxd3 23. cxd3 Rc1+ 24. Kf2 Rc3 25. Ke2 Rc2+ 26.
Kf3 Rc5 27. Rc4 Rf5+ 28. Ke2 Rg5 29. g3 Rh5 30. h4 g5 31. Rc5 f5 32. Rb6 gxh4
33. g4 Rg5 34. Rxe6 Rxg4 35. Rxa6 h3 36. Rc1 f4 37. exf4 Rgxf4 38. Rg1+ Kh8 39.
Ra7 Re8+ 40. Kd2 Rd8 41. Rd1 Rf3 42. Ke2 Rg3 43. d4 h2 44. Kf2 Rg5 45. Rh1 Rxd4
46. Ra8+ Kg7 47. Ra7+ Kg8 48. Ra8+ Kf7 49. Ra7+ Ke6 50. Ra6+ Kd7 51. Ra7+ Kc6
52. Rxh7 Rd2+ 53. Kf3 Rgg2 54. a5 Kb5 55. Rh5+ Ka6 56. Rb1 Rdf2+ 57. Ke3 Rf7
58. Kd3 Rd7+ 59. Kc3 Rf2 60. Rh1 Rdd2 61. Rb1 Rc2+ 62. Kd4 Rfd2+ 63. Ke3 Rd7
64. Rb6+ Ka7 65. Kf3 Rf7+ 66. Kg3 Re2 67. Rb1 Rg7+ 68. Kf3 Rgg2 69. Rh6 Rgf2+
70. Kg3 Rc2 71. Rbb6 Rg2+ 72. Kf3 Rcf2+ 73. Ke3 Rf7 74. Rb5 Re7+ 75. Kd3 Rd7+
76. Kc4 Rc2+ 77. Kb3 Rcd2 78. Kc3 R7d3+ 79. Kb4 Rd4+ 80. Kc3 Rd6 81. Rh7+ Ka6
82. Rc5 R6d3+ 83. Kb4 Rb2+ 84. Kc4 Rd6 85. Kc3 Rf2 86. Kb4 Re6 87. Kc3 Rg6 88.
Rch5 Rg3+ 89. Kd4 Rd2+ 90. Kc5 Rc2+ 91. Kb4 Rg4+ 92. Kb3 Rc6 93. Rxh2 Kxa5 94.
Rb7 Rg3+ 95. Kb2 Ka6 96. Rhh7 Rgc3 97. Rb4 Rc1 98. Rhb7 R6c3 99. R4b6+ Ka5 100.
Rb5+ Ka4 101. Rb4+ Ka5 102. R7b5+ Ka6 103. Ka2 Rc6 104. Rb3 R6c5 105. Rb8 R1c2+
106. Ka3 Ra5+ 107. Kb4 Rcc5 108. Ra8+ Kb6 109. Rxa5 Rxa5 110. Rc3 Ka6 111. Rd3
Kb6 112. Re3 Rc5 113. Rf3 Rc7 114. Rg3 Kc6 115. Rh3 Kd5 116. Rh2 Ra7 117. Rh1
Ra6 118. Rg1 Ra2 119. Rh1 Ra6 120. Rg1 Ra2 121. Rh1 Ra6 {
Game drawn by repetition} 1/2-1/2

[Event "ICS rated blitz match"]
[Site "204.178.125.65"]
[Date "2001.01.07"]
[Round "?"]
[White "Hossa"]
[Black "ChesterX"]
[Result "1-0"]
[WhiteElo "2629"]
[BlackElo "2654"]
[PlyCount "157"]
[EventDate "2001.??.??"]

1. e4 e6 2. d4 a6 3. Nf3 b5 4. Bd3 Bb7 5. O-O c5 6. dxc5 Bxc5 7. a4 bxa4 8. Nc3
a3 9. bxa3 Nc6 10. Na4 Be7 11. Rb1 Qc7 12. Qe2 a5 13. Rd1 Rb8 14. Bb2 Nf6 15.
e5 Nh5 16. Bc1 f5 17. Nc3 O-O 18. Nb5 Qc8 19. Be3 f4 20. Bb6 Ba6 21. Nd6 Bxd3
22. Qxd3 Bxd6 23. Qxd6 Rb7 24. Bc5 Rf7 25. h4 Nd8 26. Ng5 Rf5 27. Bb6 Nc6 28.
Nf3 a4 29. Bc5 Rxb1 30. Rxb1 Kf7 31. Rd1 Kg6 32. Bb6 Kh6 33. Bc7 Kg6 34. Qxd7
Qxd7 35. Rxd7 Rf7 36. Rxf7 Kxf7 37. Ng5+ Kg6 38. Nxe6 Kf5 39. Nc5 Nxe5 40. Bxe5
Kxe5 41. Nxa4 Kd4 42. Kh2 Nf6 43. Kh3 Kc4 44. f3 g6 45. Kh2 h6 46. Kh3 Kd4 47.
Nb2 Kc3 48. Nd3 g5 49. a4 Kc4 50. Ne5+ Kd4 51. hxg5 hxg5 52. Nf7 Kc5 53. Nxg5
Kb4 54. c3+ Kxa4 55. c4 Kb4 56. Ne4 Nd7 57. Kg4 Kxc4 58. Kxf4 Kd4 59. g4 Ne5
60. Nf2 Nc6 61. Nh3 Kd5 62. Ng5 Nd4 63. Ke3 Nc2+ 64. Kf2 Ke5 65. Kg3 Ne3 66.
f4+ Kf6 67. Kf3 Nd5 68. Ke4 Nc3+ 69. Kd4 Nb5+ 70. Kc4 Nc7 71. Ne4+ Ke6 72. Kc5
Ne8 73. Kd4 Ng7 74. Ng3 Ne8 75. f5+ Kf6 76. Nh5+ Ke7 77. Kd5 Nc7+ 78. Ke5 Nb5
79. f6+ {ChesterX resigns} 1-0

[Event "ICS rated blitz match"]
[Site "204.178.125.65"]
[Date "2001.01.07"]
[Round "?"]
[White "seaotter"]
[Black "Hossa"]
[Result "0-1"]
[WhiteElo "2106"]
[BlackElo "2642"]
[PlyCount "52"]
[EventDate "2001.??.??"]

1. Nf3 Nf6 2. c4 e6 3. Nc3 d5 4. d4 Be7 5. Bg5 h6 6. Bxf6 Bxf6 7. cxd5 exd5 8.
e3 O-O 9. Bd3 c6 10. h3 g6 11. O-O Be6 12. Qc2 Re8 13. Rab1 Nd7 14. b4 Qe7 15.
b5 c5 16. dxc5 Qxc5 17. Rfc1 Rac8 18. Ne2 Qxc2 19. Rxc2 Nc5 20. Nf4 Nxd3 21.
Rxc8 Rxc8 22. Nxd3 Rc2 23. a4 Ra2 24. Rb4 Bc3 25. Rb3 Ra1+ 26. Kh2 d4 {
seaotter resigns} 0-1

[Event "ICS rated bullet match"]
[Site "204.178.125.65"]
[Date "2001.01.07"]
[Round "?"]
[White "Hossa"]
[Black "LeTiger"]
[Result "0-1"]
[WhiteElo "2544"]
[BlackElo "2887"]
[PlyCount "98"]
[EventDate "2001.??.??"]

1. d4 d5 2. c4 e6 3. Nc3 Nf6 4. Bg5 Be7 5. e3 O-O 6. Rc1 h6 7. Bf4 dxc4 8. Bxc4
a6 9. Nge2 b5 10. Bd3 Bb7 11. O-O Nbd7 12. Qc2 c5 13. f3 c4 14. Be4 Nxe4 15.
Nxe4 Qb6 16. Ra1 f5 17. Nf2 g5 18. Bg3 h5 19. Nh3 g4 20. fxg4 hxg4 21. Nf2 Nf6
22. Nf4 Rf7 23. Ng6 Bd6 24. Bxd6 Qxd6 25. Ne5 Rh7 26. h3 gxh3 27. Nxh3 Ng4 28.
Nxg4 Rxh3 29. Rxf5 exf5 30. Qxf5 Rf8 31. Qg5+ Kh8 32. Ne5 Rh6 33. a4 Bd5 34.
Ng4 Rh7 35. axb5 axb5 36. Re1 Rg8 37. Qf5 Rh4 38. Nf2 Bxg2 39. Qe5+ Qxe5 40.
dxe5 Bh3+ 41. Ng4 Rhxg4+ 42. Kf2 Rf8+ 43. Ke2 Rg2+ 44. Kd1 Rff2 45. Rh1 c3 46.
bxc3 Ra2 47. Rxh3+ Kg7 48. Rg3+ Rxg3 49. e6 Rg1# {Hossa checkmated} 0-1

[Event "ICS rated standard match"]
[Site "204.178.125.65"]
[Date "2001.01.07"]
[Round "?"]
[White "Hossa"]
[Black "petereks"]
[Result "0-1"]
[WhiteElo "2391"]
[BlackElo "2429"]
[PlyCount "156"]
[EventDate "2001.??.??"]

1. e4 e6 2. d4 d5 3. Nc3 Nf6 4. Bd3 c5 5. exd5 cxd4 6. Bb5+ Bd7 7. Qxd4 Bxb5 8.
Nxb5 Nxd5 9. Qd2 Qb6 10. a4 Bc5 11. Nf3 O-O 12. O-O Rd8 13. Qe2 a6 14. Na3 Nc6
15. Bg5 Be7 16. Nc4 Qc7 17. Rfd1 Rac8 18. Qe4 Bxg5 19. Nxg5 Nf6 20. Qe3 h6 21.
Ne4 Ng4 22. Qg3 Nd4 23. Qxc7 Rxc7 24. Na3 Rcd7 25. Re1 b6 26. a5 bxa5 27. Rac1
Kf8 28. Nc4 Rc7 29. Ned2 a4 30. f3 Nf6 31. Kf2 Nd5 32. Kf1 Nb5 33. Ne5 Nb4 34.
Nec4 Rxd2 35. Nxd2 Nxc2 36. Ne4 f5 37. Nd2 Ke7 38. Red1 Ne3+ 39. Ke2 Nxd1 40.
Rxc7+ Nxc7 41. Kxd1 Nd5 42. Nc4 Kf6 43. Kd2 e5 44. g3 h5 45. h4 e4 46. Ke2 Ke6
47. Kf2 Kd7 48. Ke2 Kc6 49. Nd2 e3 50. Nc4 Kc5 51. Nxe3 Nxe3 52. Kxe3 Kb4 53.
Kd2 f4 54. gxf4 Kb3 55. Kc1 a3 56. bxa3 Kxa3 57. Kc2 g6 58. Kc3 a5 59. Kd4 Kb4
60. Ke5 a4 61. Kf6 a3 62. Kxg6 a2 63. Kxh5 a1=Q 64. Kg4 Qg1+ 65. Kh5 Qg3 66. f5
Qxf3+ 67. Kg6 Qg4+ 68. Kf6 Qxh4+ 69. Ke6 Kc5 70. Ke5 Qe7+ 71. Kf4 Kd5 72. f6
Qxf6+ 73. Ke3 Qf5 74. Kd2 Kd4 75. Ke2 Qf4 76. Kd1 Qf2 77. Kc1 Kc3 78. Kd1 Qd2#
{Hossa checkmated} 0-1

[Event "ICS rated blitz match"]
[Site "204.178.125.65"]
[Date "2001.01.07"]
[Round "?"]
[White "Hossa"]
[Black "mharket"]
[Result "1/2-1/2"]
[WhiteElo "2643"]
[BlackElo "2852"]
[PlyCount "236"]
[EventDate "2001.??.??"]

1. e4 e5 2. Nf3 Nc6 3. Bb5 a6 4. Ba4 Nf6 5. O-O Be7 6. Re1 b5 7. Bb3 O-O 8. c3
d6 9. h3 Bb7 10. d4 Re8 11. Ng5 Rf8 12. a4 exd4 13. cxd4 Na5 14. Bc2 h6 15. Nf3
c5 16. axb5 axb5 17. Bf4 Nc4 18. Rxa8 Qxa8 19. b3 Nb6 20. Qe2 c4 21. bxc4 Nxc4
22. Nfd2 Rc8 23. Bd3 g5 24. Bg3 Qa2 25. Bxc4 bxc4 26. Qe3 d5 27. Nc3 Qa5 28.
Rb1 Bc6 29. Be5 Nxe4 30. Ncxe4 dxe4 31. Nxc4 Qa2 32. Rc1 Bb7 33. Nd6 Rxc1+ 34.
Qxc1 Bxd6 35. Bxd6 e3 36. Qxe3 Qd5 37. Qg3 Qxd4 38. Qe5 Qxe5 39. Bxe5 Kh7 40.
f3 Kg6 41. Kf2 f6 42. Bd6 Bc8 43. g4 f5 44. Bc5 Be6 45. Kg3 h5 46. gxh5+ Kxh5
47. Bd4 f4+ 48. Kg2 Bf5 49. Bf2 Bc2 50. Be1 Bd1 51. Bc3 Be2 52. Bd4 Bc4 53. Bf2
Bd5 54. Be1 Be6 55. Bf2 Bb3 56. Bc5 Kg6 57. Bd4 Be6 58. Bc5 Bd5 59. Bd4 Bc6 60.
Bf2 Kh5 61. Bb6 Bd7 62. Kh2 Ba4 63. Kg2 Bd1 64. Bc5 Bc2 65. Bg1 Bd3 66. Bf2 Bc4
67. Be1 Bd5 68. Bc3 Bb7 69. Bd4 Bc8 70. Bc5 Kg6 71. Bb4 Bf5 72. Bc3 Kh5 73. Be1
Bc8 74. Bc3 Ba6 75. Be1 Bb5 76. Bf2 Bd3 77. Kh2 Bf1 78. Bc5 Bc4 79. Bf2 Be2 80.
Kg2 Bb5 81. Bc5 Kh6 82. Bd4 Kg6 83. Bc3 Bd7 84. Be5 Kf7 85. Bd4 Be6 86. Bc5 Kg6
87. Be7 Bd7 88. Kh2 Bc8 89. Bc5 Bb7 90. Kg2 Kf7 91. Bb4 Bc8 92. Bd6 Bd7 93. Be5
Ke6 94. Bd4 Kf5 95. Bc5 Kg6 96. Bd4 Kh5 97. Kh2 g4 98. hxg4+ Bxg4 99. fxg4+
Kxg4 100. Bf2 Kf3 101. Bg1 Ke4 102. Bc5 Kd3 103. Bf2 Ke2 104. Bg1 Kf1 105. Bd4
Ke1 106. Bc3+ Kf2 107. Bd2 f3 108. Bc3 Ke2 109. Bd4 Kf1 110. Be3 Ke1 111. Bg1
Kd2 112. Bf2 Kd3 113. Be1 Ke2 114. Bg3 Ke3 115. Be5 f2 116. Bd4+ Kxd4 117. Kg2
Ke3 118. Kf1 Kf3 {Hossa stalemated} 1/2-1/2

[Event "ICS rated standard match"]
[Site "204.178.125.65"]
[Date "2001.01.07"]
[Round "?"]
[White "Bootemout"]
[Black "Hossa"]
[Result "0-1"]
[WhiteElo "2032"]
[BlackElo "2377"]
[PlyCount "66"]
[EventDate "2001.??.??"]

1. d4 d5 2. Nf3 Nc6 3. Bf4 Nf6 4. Nc3 a6 5. e3 Nh5 6. Be5 f6 7. Bg3 Nxg3 8.
fxg3 e5 9. Be2 exd4 10. exd4 Be7 11. O-O O-O 12. a3 Re8 13. Re1 Bf8 14. Qd2 Be6
15. Bd3 Bd6 16. Ne2 Bd7 17. c3 Qe7 18. Nf4 Qf7 19. Qc2 g5 20. Ne2 Bg4 21. h3
Bxf3 22. gxf3 Re3 23. Kg2 Rae8 24. Kf2 Qh5 25. Ng1 Rxe1 26. Rxe1 Bxg3+ 27. Kxg3
Rxe1 28. Kg2 Qh4 29. Bf5 Ne7 30. Bd7 Ng6 31. Qd2 Nf4+ 32. Kh2 Ne2 33. Be6+ Kh8
{Bootemout resigns} 0-1

[Event "ICS rated blitz match"]
[Site "204.178.125.65"]
[Date "2001.01.07"]
[Round "?"]
[White "ChesterX"]
[Black "Hossa"]
[Result "1/2-1/2"]
[WhiteElo "2625"]
[BlackElo "2652"]
[PlyCount "130"]
[EventDate "2001.??.??"]

1. d4 d5 2. c4 e6 3. Nc3 Nf6 4. Bg5 Be7 5. Nf3 h6 6. Bxf6 Bxf6 7. Qb3 dxc4 8.
Qxc4 O-O 9. e4 Nd7 10. e5 Nb6 11. Qd3 Be7 12. Qe4 Nd5 13. Bc4 Bb4 14. Rc1 c6
15. O-O Re8 16. Bd3 g6 17. Nd1 Qa5 18. a3 Bf8 19. Ne3 Bd7 20. Kh1 Red8 21. Rc2
Be8 22. Nxd5 Qxd5 23. Qf4 Qb3 24. Rd1 Rd7 25. Qe4 Rad8 26. Rdd2 Qd5 27. Qf4 Qa5
28. Rc1 Bg7 29. Rc5 Qc7 30. b4 f6 31. Qe3 f5 32. b5 Rf7 33. bxc6 Bxc6 34. Bb5
Bf8 35. Rc4 Qb6 36. Bxc6 bxc6 37. Rdc2 Qb1+ 38. Rc1 Qa2 39. a4 Ba3 40. R1c2
Qa1+ 41. Ng1 Bf8 42. Rc1 Qa2 43. Rxc6 Re7 44. R6c4 Red7 45. Ne2 Ba3 46. R1c3 g5
47. Nc1 Bxc1 48. Rxc1 Rb7 49. Qe1 Rb1 50. Rxb1 Qxc4 51. Rb4 Qa2 52. g3 a5 53.
Rb6 Qxa4 54. Rxe6 Rxd4 55. Qe2 Rd5 56. Rxh6 Qa1+ 57. Kg2 Qxe5 58. Qxe5 Rxe5 59.
Rg6+ Kf7 60. Rxg5 a4 61. Rh5 Kg7 62. Rg5+ Kf7 63. Rh5 Kg7 64. Rg5+ Kf7 65. Rh5
Kg7 {Game drawn by repetition} 1/2-1/2

[Event "ICS rated standard match"]
[Site "204.178.125.65"]
[Date "2001.01.07"]
[Round "?"]
[White "Hossa"]
[Black "erce"]
[Result "1-0"]
[WhiteElo "2381"]
[BlackElo "2071"]
[PlyCount "42"]
[EventDate "2001.??.??"]

1. d4 c5 2. e4 cxd4 3. c3 Nf6 4. e5 Nd5 5. Nf3 e6 6. cxd4 d6 7. Bd2 Bd7 8. Bd3
Bc6 9. O-O Nd7 10. Nc3 dxe5 11. dxe5 Nc5 12. Bc4 Be7 13. Nd4 Nxc3 14. Bxc3 Bd5
15. Bb5+ Kf8 16. Qg4 h5 17. Qf4 g5 18. Qe3 a6 19. Be2 Na4 20. Bf3 Rc8 21. Rfd1
Bxf3 {erce resigns} 1-0

[Event "ICS rated standard match"]
[Site "204.178.125.65"]
[Date "2001.01.07"]
[Round "?"]
[White "Bootemout"]
[Black "Hossa"]
[Result "0-1"]
[WhiteElo "2029"]
[BlackElo "2386"]
[PlyCount "60"]
[EventDate "2001.??.??"]

1. d4 d5 2. Nf3 Nc6 3. e3 e6 4. a3 Nf6 5. Bd3 Bd6 6. Nbd2 O-O 7. c4 dxc4 8.
Nxc4 Be7 9. b4 a6 10. Bb2 b6 11. O-O Bd7 12. Rc1 a5 13. b5 Na7 14. a4 c6 15.
bxc6 Bxc6 16. Nce5 Be8 17. Qb3 b5 18. axb5 Rb8 19. Qa2 Nxb5 20. Nc6 Bxc6 21.
Rxc6 Nd5 22. Bxb5 Nb4 23. Qa1 Nxc6 24. Bxc6 Qb6 25. Be4 Qxb2 26. Qxa5 Rfc8 27.
Qh5 g6 28. Qh6 Rc1 29. g3 Rbc8 30. Qf4 Qe2 {Bootemout resigns} 0-1

[Event "ICS rated blitz match"]
[Site "204.178.125.65"]
[Date "2001.01.07"]
[Round "?"]
[White "Hossa"]
[Black "PostModernist"]
[Result "0-1"]
[WhiteElo "2651"]
[BlackElo "2605"]
[PlyCount "106"]
[EventDate "2001.??.??"]

1. e4 c5 2. Nf3 a6 3. c3 d5 4. exd5 Qxd5 5. Be2 e5 6. d3 Nf6 7. Na3 Be7 8. Nc4
Nbd7 9. O-O Qe6 10. Ng5 Qf5 11. f4 exf4 12. Bxf4 O-O 13. d4 cxd4 14. cxd4 h6
15. Bd6 Qxg5 16. Bxe7 Re8 17. Bd6 Qd5 18. Be5 Nxe5 19. Nxe5 Be6 20. Rf4 Qd6 21.
Rf2 Rad8 22. Bf3 Bd5 23. Bh5 Qb6 24. Bf3 Be4 25. Bxe4 Nxe4 26. Qf3 Qxd4 27. Ng4
Nxf2 28. Nxf2 Qxb2 29. Rf1 Qxa2 30. Qxb7 Rd2 31. Qf3 Ree2 32. Qa8+ Kh7 33. Qf3
a5 34. Qf5+ g6 35. Qf4 Rxf2 36. Rxf2 Rxf2 37. Qxf2 Qxf2+ 38. Kxf2 a4 39. Ke3 a3
40. Kf4 a2 41. Ke3 a1=Q 42. Ke4 Qa8+ 43. Kd4 Qxg2 44. Ke5 Qxh2+ 45. Kd5 g5 46.
Kd4 Qd2+ 47. Kc4 g4 48. Kc5 g3 49. Kc4 g2 50. Kb5 g1=Q 51. Kc4 Qgc1+ 52. Kb3
Qdb2+ 53. Ka4 Qca1# {Hossa checkmated} 0-1

[Event "ICS rated blitz match"]
[Site "204.178.125.65"]
[Date "2001.01.07"]
[Round "?"]
[White "gandalf1"]
[Black "Hossa"]
[Result "1-0"]
[WhiteElo "2768"]
[BlackElo "2633"]
[PlyCount "87"]
[EventDate "2001.??.??"]

1. d4 e6 2. e4 d5 3. e5 Bd7 4. Nf3 c5 5. c3 cxd4 6. cxd4 Bb4+ 7. Nc3 Ne7 8. a3
Bxc3+ 9. bxc3 Nbc6 10. c4 f6 11. exf6 gxf6 12. Bf4 Na5 13. c5 Nc4 14. Nd2 Ng6
15. Bg3 Qa5 16. Bxc4 dxc4 17. O-O Qa6 18. Qe2 b5 19. cxb6 axb6 20. Nxc4 O-O 21.
Rfc1 Rfc8 22. Rc2 Rc6 23. Rac1 Rac8 24. f3 b5 25. Nd6 Rxc2 26. Rxc2 Rxc2 27.
Qxc2 Qxa3 28. Qd2 Qa1+ 29. Be1 Bc6 30. Qe3 Nf8 31. d5 exd5 32. Qe7 Ng6 33. Qe6+
Kg7 34. Kf1 Qc1 35. Qf7+ Kh8 36. Qxf6+ Kg8 37. Nf5 Qc4+ 38. Kg1 Qc5+ 39. Kh1
Qf8 40. Qe6+ Kh8 41. Bc3+ d4 42. Bxd4+ Ne5 43. Bxe5+ Qg7 44. Bxg7# {
Hossa checkmated} 1-0

[Event "ICS rated blitz match"]
[Site "204.178.125.65"]
[Date "2001.01.07"]
[Round "?"]
[White "Hossa"]
[Black "inmortal"]
[Result "1-0"]
[WhiteElo "2623"]
[BlackElo "2411"]
[PlyCount "43"]
[EventDate "2001.??.??"]

1. d4 e6 2. e4 d5 3. Nd2 Nf6 4. e5 Nfd7 5. Ngf3 b6 6. c4 dxc4 7. Bxc4 Bb7 8.
O-O c5 9. dxc5 Bxc5 10. Qe2 O-O 11. Ne4 Nc6 12. Rd1 Qc7 13. Nxc5 Nxc5 14. Bd2
Rad8 15. Rac1 Qb8 16. b4 Nd7 17. Bg5 Ncxe5 18. Nxe5 Nxe5 19. Rxd8 Rxd8 20. Bxd8
Nxc4 21. Qxc4 Qxd8 22. Qc7 {inmortal resigns} 1-0